000 01307nam a2200325 i 4500
001 197721
003 SpMaBN
005 20250831063045.0
008 250606s2024 sp |||||| 000 | spa|
017 _aM 8114-2025
_bOficina Depósito Legal Madrid
020 _a9788412996708
040 _aSpMaBN
_bspa
_cSpMaBN
_erda
100 1 _aDalmau, Carmen
_9241239
_eaut
245 1 0 _aLas mujeres disparan :
_bla mirada de las grandes fotografas en España /
_cCarmen Dalmau.
260 _aBoadilla del Monte (Madrid) :
_bJdeJ editores,
_c2025.
300 _a207 páginas ;
_c21 cm.
336 _atexto
_2rdacontent
337 _asin mediación
_2rdamedia
338 _avolumen
_2rdacarrier
650 4 _912950
_aFotografía-
_zEspaña
650 4 _912968
_aFotógrafos-
_xBiografías
650 7 _9173961
_aMujeres artistas-
_zEspaña
655 0 _9176636
_aEnsayos
852 _aES-MaACL
_cDEPOJ
_jN-10594
_gDedicatoria autógrafa de la autora
_hDonación: Carmen Dalmau
_xEncuadernación rústica con solapas
_9206717
903 _9241239
_aDalmau, Carmen
_ednr
942 _cMONOGRAFIA
_n0
999 _c197721
_d197721